000 00973nam a2200313 i 4500
001 000044156
003 DO-SdBNP
005 20240412074303.0
007 ta
008 140602s2009 sp r 000 p spa d
020 _a9788496322318
040 _aDO-SdBNP
_bspa
_cBNPHU
_erda
082 4 _aRD861.44
_bM671p, 2009
_222
100 1 _aMir, Pedro,
_d1913-2000
_eaotor
_97245
245 1 0 _aPoemas /
_cPedro Mir.
250 _a2a. edición
264 _aMadrid :
_bEdiciones de la Discreta,
_c2009.
300 _a203 páginas ;
_c24 cm.
336 _2rdacontent
_atexto
_btxt
337 _2rdamedia
_a sin mediación
_bn
338 _2rdacarrier
_avolumen
_bnc
500 _aIncluye datos biográficos del autor en la solapa de la cubierta
504 _aBibliografía: p. 201-203
590 _aInventariado, 2018/BT
650 4 _aPoesía dominicana
_966
650 0 _aLiteratura dominicana.
_967
910 _aValidado. Control de calidad. MFF
942 _2ddc
_cLBS1
999 _c43645
_d43645